| 000 | 00412nam a2200157Ia 4500 | ||
|---|---|---|---|
| 008 | 230917s9999||||xx |||||||||||||| ||und|| | ||
| 040 |
_e70586 _aMAIN |
||
| 041 | _aEnglish | ||
| 082 | _a338.16 A67D | ||
| 100 | _aArora, R C | ||
| 245 | 0 | _aDevelopment of agriculture and allied sectors: Command area approach | |
| 250 | _a2nd ed. | ||
| 260 |
_aNew Delhi _bS Chand _c1982 |
||
| 300 | _axvi, 273 p. | ||
| 942 | _cBK | ||
| 999 |
_c41795 _d41795 |
||